Sorolla /

Guardado en:
Autor Principal: Hernández Polo, José
Formato: Libro
Publicado: Madrid : Publicaciones Espa¤olas, 1973
Edición:2a. ed.
Materias:
Etiquetas: Agregar Etiqueta
Sin Etiquetas, Sea el primero en etiquetar este registro!
LEADER 00530nam a22001935a 4500
001 CEM.cems003218
005 20060221000000.0
008 130507s1973##################000#0#####d
003 CEMS
082 0 4 |a 927 
100 1 |a Hernández Polo, José 
245 1 0 |a Sorolla /  |c José Hernández Polo 
250 |a 2a. ed. 
260 |a Madrid :  |b Publicaciones Espa¤olas,  |c 1973 
300 |a 47 p. 
653 |a Biografias 
653 |a Literatura 
653 |a Literatura espaÑola 
859 |a CEMS  |b BIB. CEMS - 11 de abril  |h 927  |i So69ha2  |p 5370.76  |t Ej.1